[Event "GER-ch U25 op"]
[Site "Willingen"]
[Date "2008.05.14"]
[Round "6"]
[White "Nake, Marianne"]
[Black "Melzer, Marcel"]
[Result "0-1"]
[WhiteElo "1427"]
[BlackElo "1745"]
[PlyCount "80"]
[EventDate "2008.05.11"]
[EventType "swiss"]
[EventRounds "9"]
[EventCountry "GER"]
[SourceTitle "CBM 124 Extra"]
[Source "ChessBase"]
[SourceDate "2008.07.03"]
[SourceVersion "1"]
[SourceVersionDate "2008.07.03"]
[SourceQuality "1"]

1. e4 c5 2. Nc3 e6 3. g3 Nc6 4. Bg2 Nf6 5. f4 d5 6. e5 Nd7 7. Nf3 Be7 8. 0-0 0-0 9. Kh1 a6 10. d4 b5 11. Be3 Qa5 12. h4 b4 13. Ne2 c4 14. h5 f5 15. Bh3 g6 16. hxg6 hxg6 17. Rg1 Kf7 18. g4 Rh8 19. Qf1 Bb7 20. gxf5 gxf5 21. Ng5+ Bxg5 22. Rxg5 Rag8 23. Qg2 Rxg5 24. fxg5 Ne7 25. Nf4 Ng6 26. Kg1 Qb6 27. Nxg6 Kxg6 28. Kf2 Nxe5 29. dxe5 d4 30. Qh2 dxe3+ 31. Ke2 Rd8 32. Ke1 Rd2 33. Qg3 Qd4 34. Kf1 Qe4 35. Bg2 Qxg2+ 36. Qxg2 Bxg2+ 37. Ke1 Rxc2 38. Rd1 Rxb2 39. Rd6 Kf7 40. Rxa6 c3 0-1

[Event "GER-ch U25 op"]
[Site "Willingen"]
[Date "2008.05.13"]
[Round "5"]
[White "Melzer, Marcel"]
[Black "Schneider, Johannes"]
[Result "0-1"]
[WhiteElo "1745"]
[BlackElo "1645"]
[PlyCount "84"]
[EventDate "2008.05.11"]
[EventType "swiss"]
[EventRounds "9"]
[EventCountry "GER"]
[SourceTitle "CBM 124 Extra"]
[Source "ChessBase"]
[SourceDate "2008.07.03"]
[SourceVersion "1"]
[SourceVersionDate "2008.07.03"]
[SourceQuality "1"]

1. d4 d5 2. c4 e6 3. Nc3 Nf6 4. Bg5 c6 5. Nf3 Nbd7 6. e3 Be7 7. Bd3 dxc4 8. Bxc4 b5 9. Bd3 a6 10. Qc2 c5 11. dxc5 Nxc5 12. Rd1 Nxd3+ 13. Rxd3 Qc7 14. Bf4 Qc5 15. 0-0 Bb7 16. Qe2 0-0 17. Rfd1 Rad8 18. Ne5 b4 19. Na4 Qb5 20. b3 Be4 21. Nb2 Bxd3 22. Rxd3 Rxd3 23. Qxd3 Qxd3 24. Nbxd3 Rc8 25. Nc4 Nd5 26. Be5 Nc3 27. Nc1 Rd8 28. Nb2 Rd2 29. Ncd3 Nxa2 30. Kf1 f6 31. Bg3 Nc1 32. Nxc1 Rxb2 33. Ke1 Rc2 34. Kd1 Rc3 35. e4 Bc5 36. Kd2 e5 37. h4 Kf7 38. h5 Ke6 39. Bh4 g6 40. hxg6 hxg6 41. g4 g5 42. Bg3 Kd6 0-1